| 000 | 00640nam a2200193 i 4500 | ||
|---|---|---|---|
| 001 | 90817 | ||
| 003 | ES-MaACL | ||
| 005 | 20230906180553.0 | ||
| 007 | t| | ||
| 008 | 050125s1914 fr ||||1| fre d | ||
| 100 | 1 |
_aLecomte-Denis, Maurice. _971105 |
|
| 245 | 1 | 0 |
_aGuide pratique de la prospection des mines et de leur mise en valeur / _cpar Maurice Lecomte-Denis ; préface de Haton de la Gonpilliere. |
| 250 | _a3eme ed. | ||
| 260 |
_a[S.l. : _bs.n., _c1914] ( _eTours : _fDeslis Frères) |
||
| 300 |
_aXVI, 610 p. ; _c26 cm. |
||
| 650 | 0 | 4 |
_aMinería. _915054 |
| 700 | 1 |
_aGonpilliere, Haton de la. _958256 |
|
| 852 |
_aES-MaACL _jF-1303 |
||
| 999 |
_c90817 _d90817 |
||